|
|
|
|
| LEADER |
00000nam a22000005a 4500 |
| 001 |
vtls001518457 |
| 003 |
SK-MaSNL |
| 005 |
20260302073905.0 |
| 008 |
171201s2004 xo ob g f 000 0 pol |
| 015 |
|
|
|a SNBE2006/04-01154
|
| 020 |
|
|
|a 8096921894
|q (brož.)
|
| 040 |
|
|
|a SNK
|b slo
|c SNK
|e AACR2
|
| 041 |
|
|
|a pol
|h slo
|
| 043 |
|
|
|a e-xo---
|
| 044 |
|
|
|a xo
|c SK
|
| 072 |
|
7 |
|a 338.3/.4
|x Hospodárske a výrobné odvetvia
|2 konspekt
|
| 080 |
|
|
|a 640.41/.42
|2 2001
|
| 080 |
|
|
|a 640.4/.5
|2 2001
|
| 080 |
|
|
|a (437.61)
|2 2001
|
| 080 |
|
|
|a (036)
|2 2001
|
| 080 |
|
|
|a 640.41
|2 2001
|
| 245 |
0 |
0 |
|a Hotel guide
|b Štúrovo a okolica
|
| 250 |
|
|
|a [1. vyd.]
|
| 260 |
|
|
|a Štúrovo
|b Mesto Štúrovo
|c [2004]
|
| 300 |
|
|
|a [14] s.
|b fotogr., mp.
|c 21 cm
|
| 500 |
|
|
|a Názov z obalu
|
| 650 |
0 |
7 |
|a hotely
|2 SNKPH
|9 18422
|
| 650 |
0 |
7 |
|a ubytovacie zariadenia
|2 SNKPH
|9 70233
|
| 650 |
0 |
7 |
|a stravovacie zariadenia
|2 SNKPH
|9 73125
|
| 651 |
|
7 |
|a Štúrovo (Slovensko)
|2 SNKPH
|9 27957
|
| 655 |
|
7 |
|a informačné publikácie
|2 SNKPH
|9 70181
|
| 919 |
|
|
|a 80-969218-9-4
|
| 999 |
|
|
|c 1162756
|d 1164686
|
| 952 |
|
|
|a SNK
|b SNK
|y PREZ
|7 0
|p 17A0456570
|o snkOSC 22926
|i snk2005/3568
|8 0
|0 0
|1 0
|4 0
|d 2005-03-09
|l 0
|r 2026-02-24 20:38:46
|w 2026-02-24
|
| 952 |
|
|
|a SNK
|b SNK
|y VYP
|7 0
|p 17A0456569
|o snkOSC 22926 D1
|i snk2005/3569
|8 0
|0 0
|1 0
|4 0
|d 2005-03-09
|l 0
|r 2026-02-24 20:38:46
|w 2026-02-24
|